000 00678nam a2200253Ia 4500
003 OSt
005 20220926011034.0
006 a|||||r|||| 00| 0
007 ta
008 220923b |||||||| |||| 00| 0 eng d
020 _a0130307947
037 _cGeneral Book
040 _aRTL
_cRTL
_beng
041 _2eng
_aeng
082 _aX9:8, P2
100 _aBarney Jay B
245 0 _aGaining and sustaining competitive advantage
250 _a2nd
260 _aNew Jersey
_bPrentice Hall
_c2002
300 _axxii, 600p. Bib p 553-86
_ccm.
650 _aManagement
_930681
942 _hX9:8, P2
_cGB
_2CC
999 _c618895
_d618895